Het geleide der wegen. (Record no. 3188)
[ view plain ]
| 000 -LEADER | |
|---|---|
| fixed length control field | 00534cam a22002051 4500 |
| 001 - CONTROL NUMBER | |
| control field | af 47005583 |
| 003 - CONTROL NUMBER IDENTIFIER | |
| control field | DLC |
| 005 - DATE AND TIME OF LATEST TRANSACTION | |
| control field | 20260227110832.0 |
| 008 - FIXED-LENGTH DATA ELEMENTS--GENERAL INFORMATION | |
| fixed length control field | 890426s1942 be 000 0 dut c |
| 010 ## - LIBRARY OF CONGRESS CONTROL NUMBER | |
| LC control number | af 47005583 |
| 035 ## - SYSTEM CONTROL NUMBER | |
| System control number | (OCoLC)19610145 |
| 040 ## - CATALOGING SOURCE | |
| Original cataloging agency | New York. Public library |
| Transcribing agency | CU |
| Modifying agency | DLC |
| 042 ## - AUTHENTICATION CODE | |
| Authentication code | premarc |
| 050 00 - LIBRARY OF CONGRESS CALL NUMBER | |
| Classification number | PT6408.5.C2 |
| Item number | G4 |
| 100 1# - MAIN ENTRY--PERSONAL NAME | |
| Personal name | Caeymaex, Joris. |
| 245 14 - TITLE STATEMENT | |
| Title | Het geleide der wegen. |
| 260 ## - PUBLICATION, DISTRIBUTION, ETC. | |
| Place of publication, distribution, etc. | Antwerpen, |
| Name of publisher, distributor, etc. | Vlaamsche boek centrale |
| Date of publication, distribution, etc. | [1942] |
| 300 ## - PHYSICAL DESCRIPTION | |
| Extent | 30 p., 1 l. |
| Dimensions | 23 cm. |
| 500 ## - GENERAL NOTE | |
| General note | Poems. |
No items available.